Sports Quiz

Random Sports Quiz

Tippeligaen 2011 Quiz Stats

 Plays Quiz not verified by Sporcle

Challenge
Share
Tweet
Embed
Score 0/17 Timer 03:00
0 Plays Today
Points Player % Correct
21Rade Prica
89.3%
23Kim Ojo
78.6%
20Ole Martin Årst
75%
14Alexander Søderlund
67.9%
20Mos
53.6%
14Pape Paté Diouf
53.6%
17Anthony Ujah
50%
21Nicola Djurdjic
46.4%
14Davy Claude Angan
42.9%
Points Player % Correct
18Daniel Bamberg
39.3%
17Tarik Elyounoussi
39.3%
16Diego Guastavino
39.3%
15Thomas Drage
32.1%
14Espen Hoff
32.1%
14Øyvind Storflor
28.6%
14Mushaga Bakenga
25%
21Veigar Pall Gunnarsson
17.9%

You're not logged in!

Compare scores with friends on all Sporcle quizzes.
Join for Free
OR
Log In

You Might Also Like...

Show Comments

Extras

Created Dec 6, 2011ReportNominate
Tags:2011, assist, club, goal, player, point, tippeligaen

Top Quizzes Today


Score Distribution

Your Account Isn't Verified!

In order to create a playlist on Sporcle, you need to verify the email address you used during registration. Go to your Sporcle Settings to finish the process.

Report this User

Report this user for behavior that violates our Community Guidelines.

Details: